Bilecik Bilecik Bilecik Bilecik Bilecik
Normal view MARC view

Entry Konu Terimi

Number of records used in: 5

001 - KONTROL NUMARASI

  • Kontrol alanı: 62036

003 - KONTROL NUMARASI KİMLİĞİ

  • Kontrol alanı: TR-BiSEU

005 - SON İŞLEM TARİHİ VE ZAMANI

  • Kontrol alanı: 20260207002801.0

008 - SABİT UZUNLUKTAKİ VERİ ÖGELERİ - GENEL BİLGİ

  • Sabit uzunlukta kontrol alanı: 260207|| aca||aabn | a|a d

040 ## - KATALOGLAMA KAYNAĞI

  • Özgün kataloglama kurumu: TR-BiSEU
  • Çeviri kurumu: TR-BiSEU

150 ## - KONU BAŞLIKLARI - KONU TERİMİ

  • Konu terimi: Energy policy--Congresses

670 ## - BİLGİNİN KAYNAĞI

  • Bilginin alındığı kaynak: KOHA: (TR-BiSEU)31374: Seeking Of Common Resolution For Energy Security Symposium (2009 : İstanbul, Turkey) 62035, Seeking of common resolution for energy security :